000 00710nam a2200241 a 4500
001 65454
003 BD-RjUL
005 20211209081428.0
008 170306s1950 enk b 000 0beng
035 _a(BD-RjUL)65584
040 _aDLC
_cOGK
_dBD-RjUL
_beng
041 1 _aengheb
082 _a956.1
_223
_bHEF 1950
100 1 _aHeyd, Uriel.
_9183206
245 1 0 _aFoundations of Turkish nationalism :
_bthe life and teachings of Ziya Gökalp. /
_cUriel Heyd
260 _aLondon :
_bLuzac,
_c1950.
300 _a174 p. ;
_c20 cm.
504 _aIncludes bibliography
600 1 0 _aGökalp, Ziya,
_d1876-1924.
_9193705
650 _aTurkey
_vNationalism
_9193704
942 _2ddc
_cBK
999 _c65454
_d65454